[Event "Offerspill Invitational 2020"]
[Site "Oslo"]
[Date "2020.06.12"]
[Round "3.1"]
[White "Haldorsen, Benjamin"]
[Black "Notkevich, Benjamin Arvola"]
[Result "0-1"]
[WhiteElo "2458"]
[BlackElo "2476"]
[Annotator "TA"]
[PlyCount "116"]
[EventDate "2020.06.10"]
[EventType "swiss"]
[EventCountry "NOR"]
[SourceTitle "playchess.com"]
[Source "ChessBase"]
[SourceQuality "1"]

{[%evp 14,116,7,6,18,18,18,18,18,18,19,29,22,0,16,0,20,19,59,41,51,75,52,56,68,38,44,54,56,4,8,0,0,0,0,0,0,-84,-78,-79,-87,-95,-90,-93,-92,-145,-145,-214,-207,-264,-145,-145,-105,-104,-114,-108,-50,-184,-195,-191,-85,-72,-82,-72,-68,-64,-68,-135,-122,-191,-123,-166,-157,-185,-170,-283,-283,-291,-237,-940,-932,-12840,-12840,-12841,-12841,-12841,-12842,-12842,-12843,-12843,-12843,-12844,-12844,-12845,-12845,-12845,-12844,-12845,-12845,-12845,-12846,-12846,-12847,-12847,-12847]} 1. c4 e6 2. g3 d5 3. Bg2 Nf6 4. Nf3 d4 5. O-O c5 6. e3 Nc6 7. exd4 cxd4 8. d3 Bd6 {A13: English Opening: 1...e6.} 9. Bg5 h6 10. Bxf6 $1 Qxf6 {The position is equal.} 11. Nbd2 Qe7 12. a3 a5 13. Re1 O-O 14. Rc1 {now scores much better than the old 14.Nb3. Played by Fabiano Caruana in May 2020.} e5 15. Qc2 {[#]} Bc5 $146 {[#]} ({Predecessor:} 15... Bf5 16. c5 Bc7 17. Qc4 Qf6 18. Qb5 Rfb8 19. Ne4 Qd8 20. Nfd2 Bd7 21. Qc4 Be6 {0-1 (56) Belous,V (2564)-Cornette,M (2586) chess.com INT 2017}) 16. Nxe5 $1 {[%mdl 512]} Nxe5 17. f4 {[#]} Nxd3 $1 {[%mdl 512]} 18. Qxd3 Qc7 19. Nb3 Be7 20. Nxd4 (20. Qxd4 a4 $17) 20... Bf6 21. Kh1 ({White should play} 21. Nb5 $14 Qc5+ 22. Qe3 Qxe3+ 23. Rxe3) 21... Qc5 $11 22. Nb3 Qh5 23. Bf3 Bg4 24. Bxg4 ({Don't play} 24. Bxb7 Rab8 $17) 24... Qxg4 25. Nc5 (25. Qe2 $11 {keeps the balance.} Qf5 26. Qc2) 25... Bxb2 $17 26. Rb1 Rfd8 27. Qe2 Qxe2 28. Rxe2 Bxa3 29. Nxb7 (29. Na4 $142) 29... Rdb8 30. Ra2 (30. Rb5 $17 a4 31. Ra2) 30... Be7 $19 31. Rb5 a4 ({Black should try} 31... Ra7 $1 $19 {White must now prevent ...a4.} 32. Rab2 (32. Nxa5 $2 Rxb5 33. cxb5 Bd8 $19) 32... a4) 32. c5 $17 Kf8 33. c6 a3 $1 34. Kg2 Ra6 (34... Rc8 $17 35. Na5 g6) 35. c7 (35. Nc5 $1 $15 Rxb5 36. Nxa6) 35... Rc8 $1 $19 36. Nd8 {intending Rb8.} Ke8 (36... Bd6 $19 {and Black stays clearly on top.} 37. Nb7 Bxc7) 37. Rb8 $17 {Threatens to win with Rd2.} Kd7 $1 38. Nxf7 Rxc7 39. Ne5+ Ke6 40. h4 {White is on the road to losing.} (40. Rb3 $15) 40... Rc3 $1 41. Kh3 (41. Re8 $17) 41... h5 (41... Bd6 $19 42. Re8+ Kf6 43. Ng4+ Kf7) 42. Rb7 Bf6 43. Rb5 Ra4 {And now ...Rxf4 would win.} 44. Kg2 {[#]} (44. Ng6 {was called for.}) 44... Re4 $1 $19 45. Rb6+ Kf5 {...Ree3 is the strong threat.} 46. Rf2 $2 (46. Kh2) 46... Ree3 {Black is clearly winning.} 47. Nf3 {[#]} Rxf3 $1 {[%mdl 576] Deflection, Promotion} 48. Rxf3 Rxf3 49. Kxf3 {[%mdl 4096] Endgame KR-KB} a2 50. Rb5+ {[#]} Kg6 $1 51. f5+ Kh7 52. Ra5 a1=Q 53. Rxa1 Bxa1 {KB-K3P} 54. Kf4 Bf6 55. Ke4 Kg8 56. Kf4 Kf7 57. Ke4 Bc3 58. Kf4 Kf6 {Accuracy: White = 53%, Black = 84%.} 0-1

[Event "Offerspill Invitational 2020"]
[Site "Oslo"]
[Date "2020.06.12"]
[Round "3.2"]
[White "Johansson, Linus"]
[Black "Holm, Kristian Stuvik"]
[Result "1-0"]
[WhiteElo "2476"]
[BlackElo "2462"]
[Annotator "TA"]
[PlyCount "69"]
[EventDate "2020.06.10"]
[EventType "swiss"]
[EventCountry "NOR"]
[SourceTitle "playchess.com"]
[Source "ChessBase"]
[SourceQuality "1"]

{[%evp 17,69,22,23,-10,-2,0,18,6,4,6,4,2,11,15,12,10,43,40,40,27,42,39,35,35,57,42,60,27,39,10,25,8,17,18,35,35,35,27,37,37,48,48,62,63,62,48,70,63,249,234,433,434,374,340]} 1. d4 Nf6 2. c4 g6 3. Nc3 d5 4. cxd5 Nxd5 5. e4 Nxc3 6. bxc3 Bg7 7. Qa4+ Nd7 8. Nf3 O-O 9. Be2 c5 {9...Nb6 deserves study.} 10. O-O {D85: Exchange Grünfeld: Unusual White 7th moves and lines with 7 Nf3.} cxd4 11. cxd4 Nb6 12. Qa3 {The position is equal.} Bg4 13. Bg5 Bxf3 14. Bxf3 Qxd4 15. Qxe7 {[#]} Qe5 $146 ({Predecessor:} 15... Qa4 16. Rac1 Qxa2 17. Qxb7 Rab8 18. Qc6 Rbc8 19. Qd6 Qa5 20. Bd2 Qe5 21. Qxe5 Bxe5 {½-½ (31) Bogner,S (2619)-Djukic,N (2567) Batumi 2018}) 16. Rac1 Rac8 17. Qxe5 Bxe5 18. Bg4 Rc4 19. Rxc4 Nxc4 20. Rd1 Rb8 21. Rd5 Kg7 22. h4 {[#] Hoping for Be2.} h6 23. Bc1 h5 24. Bh3 Bf6 25. g3 Rd8 26. Rxd8 Bxd8 $14 {[%mdl 4096] Endgame KBB-KBN} 27. Kf1 Kf8 28. Ke2 Ke7 29. Bc8 b6 30. Ba6 Nd6 31. Bd3 Ke6 32. Bc2 Bf6 $2 {[#]} (32... Kd7 $14) 33. Bb3+ $18 Ke7 $2 (33... Kd7 {was worth a try.} 34. Bf4 Nxe4) 34. Ba3 Bd4 35. Bxd6+ {Accuracy: White = 86%, Black = 73%.} 1-0

[Event "Offerspill Invitational 2020"]
[Site "Oslo"]
[Date "2020.06.12"]
[Round "3.3"]
[White "Nilsen, Joachim Birger"]
[Black "Tari, Aryan"]
[Result "1/2-1/2"]
[WhiteElo "2411"]
[BlackElo "2634"]
[Annotator "TA"]
[PlyCount "66"]
[EventDate "2020.06.10"]
[EventType "swiss"]
[EventCountry "NOR"]
[SourceTitle "playchess.com"]
[Source "ChessBase"]
[SourceQuality "1"]

{[%evp 9,66,26,16,20,20,10,25,31,23,19,48,19,14,22,18,20,11,18,35,27,35,22,47,45,48,43,37,9,12,10,8,11,25,0,28,13,30,18,17,12,15,13,57,37,49,16,26,22,16,7,13,9,16,1,0,-9,0,-9,7]} 1. d4 Nf6 2. c4 e6 3. Nc3 Bb4 4. Qc2 d6 5. e3 O-O 6. Bd3 {E32: Nimzo-Indian: Classical (4 Qc2): 4...0-0.} c5 7. Nge2 Nc6 8. a3 {White has an edge.} Bxc3+ 9. Qxc3 e5 {[#]} 10. d5 $146 ({Predecessor:} 10. dxc5 dxc5 11. Ng3 Qe7 12. Qc2 Re8 13. Ne4 Nxe4 14. Bxe4 g6 15. Bd2 Be6 16. g3 {0-1 (39) Kudrnac,V-Kout,Z Czechia 1996}) 10... e4 11. dxc6 exd3 12. Qxd3 bxc6 13. O-O d5 14. Qc2 Ng4 15. b4 Ba6 16. h3 Ne5 17. cxd5 Qxd5 18. Nf4 (18. Rd1 $5 {[%cal Rd1d5]} Bd3 19. Qc3 $14) 18... Qc4 19. Qxc4 Nxc4 20. Re1 Rfd8 21. e4 Rab8 22. Ne2 Rd3 23. Bf4 Re8 24. bxc5 Rxe4 25. Ng3 Re6 26. Red1 Rd5 {[#]} 27. Nf5 $1 {[%mdl 512]} g6 (27... Rxf5 28. Rd8+) 28. Rxd5 cxd5 {The position is equal.} 29. Ne3 d4 30. Nxc4 Bxc4 31. Rc1 Bb5 32. a4 Bc6 33. f3 f6 {Accuracy: White = 83%, Black = 89%.} 1/2-1/2

[Event "Offerspill Invitational 2020"]
[Site "Oslo"]
[Date "2020.06.12"]
[Round "3.4"]
[White "Urkedal, Frode Olav Olsen"]
[Black "Kaasen, Tor Fredrik"]
[Result "1/2-1/2"]
[WhiteElo "2557"]
[BlackElo "2401"]
[Annotator "TA"]
[PlyCount "95"]
[EventDate "2020.06.10"]
[EventType "swiss"]
[EventCountry "NOR"]
[SourceTitle "playchess.com"]
[Source "ChessBase"]
[SourceQuality "1"]

{[%evp 11,95,37,41,30,49,46,41,39,58,45,60,39,106,102,108,117,107,0,56,50,62,0,5,0,111,56,52,3,56,0,83,79,150,144,95,62,70,66,70,47,32,0,0,0,0,0,22,-11,0,-1,0,0,0,0,0,0,0,0,55,0,0,0,0,0,0,-7,0,0,0,0,0,0,0,0,0,0,0,0,0,0,0,0,0,0,0,0]} 1. d4 Nf6 2. c4 g6 3. Nc3 Bg7 4. e4 d6 5. h3 O-O 6. Be3 Na6 7. g4 {E71: King's Indian: 4 e4 d6 5 h3.} e5 8. Nge2 exd4 9. Nxd4 {White is slightly better.} Re8 10. f3 c6 11. Qd2 $1 {[#]} Nc7 $146 (11... d5 $14) ({Predecessor:} 11... d5 12. cxd5 cxd5 13. Bb5 Bd7 14. g5 Nh5 15. Nxd5 Rc8 16. Bxa6 bxa6 17. Rd1 Be6 {½-½ (41) Zawadka,Z (2217)-Ledford,S (2244) ICCF email 2018}) 12. O-O-O $16 d5 13. cxd5 cxd5 14. Ndb5 (14. Qh2 $16) 14... Bd7 (14... a6 $11 15. Nxc7 Qxc7) 15. Nd6 $14 {[%mdl 64] [#] Double Attack} ({Much weaker is} 15. Nxa7 b5 $15) 15... Re7 $1 16. Nxb7 (16. g5 $14 Nh5 17. Nxb7) 16... Qb8 $11 17. Nc5 {Black must now prevent e5!} dxe4 (17... Bc6 $1 $11 {remains equal.}) 18. fxe4 (18. Qd6 $16 Re6 19. Nxe6 (19. Nxd7 Rxd6 20. Nxb8 Rxd1+ 21. Nxd1 Rxb8 $14) 19... Bxe6 20. Bf4) 18... Bc6 $14 {[%cal Rf6e4]} 19. Bd4 {next Qf2 is good for White.} Qe8 ({Black should try} 19... Ne6 $11 20. Nxe6 Rxe6) 20. Bg2 (20. Bc4 $1 $14) 20... Rd8 {[#]} (20... Ne6 $11 21. Nxe6 Rxe6) 21. Qf2 $1 $16 Nd7 ({Better is} 21... Ne6 22. Bxf6 Rxd1+ 23. Rxd1 Bxf6) 22. Bxg7 Kxg7 23. Qd4+ Kg8 $1 24. Kb1 Rb8 25. Nxd7 Rxd7 26. Qf6 ({Much worse is} 26. Qxa7 Nb5 $15) 26... Nb5 27. Ka1 Nxc3 28. Qxc3 Re7 29. h4 Bxe4 30. Bxe4 Rxe4 31. Rhe1 Rxe1 32. Rxe1 $11 {[%mdl 4096] Endgame KQR-KQR} Qd7 33. h5 Rc8 34. Qb4 Qd5 (34... Re8 $11) 35. a3 (35. h6 $1 $14 f6 36. a3) 35... a5 {The position is equal.} 36. Qf4 g5 $1 {[%cal Rg5f4]} 37. Qf6 {Intending h6 and mate.} Qd2 38. Rb1 {Hoping for h6.} Rc1 39. h6 {[%csl Gh6][%cal Rf6g7]} Rxb1+ 40. Kxb1 {[%csl Gh6][%cal Rf6g7] KQ-KQ} Qd1+ 41. Ka2 {[%csl Gh6][%cal Rf6g7]} Qd5+ 42. Kb1 {[%csl Gh6][%cal Rf6g7]} Qd1+ 43. Ka2 {[%csl Gh6][%cal Rf6g7]} Qd5+ 44. b3 {[%csl Gh6][%cal Rf6g7]} Qd2+ 45. Kb1 {[%csl Gh6][%cal Rf6g7]} Qd1+ 46. Kb2 {[%csl Gh6][%cal Rf6g7]} Qd2+ 47. Kb1 {[%csl Gh6][%cal Rf6g7]} Qd1+ 48. Kb2 {Accuracy: White = 75%, Black = 77%.} 1/2-1/2

[Event "Offerspill Invitational 2020"]
[Site "Oslo"]
[Date "2020.06.12"]
[Round "3.5"]
[White "Haug, Johannes"]
[Black "Mihajlov, Sebastian"]
[Result "1/2-1/2"]
[WhiteElo "2431"]
[BlackElo "2389"]
[Annotator "TA"]
[PlyCount "31"]
[EventDate "2020.06.10"]
[EventType "swiss"]
[EventCountry "NOR"]
[SourceTitle "playchess.com"]
[Source "ChessBase"]
[SourceQuality "1"]

{[%evp 19,31,26,27,5,25,0,0,0,0,-12,-10,-27,-37,-29]} 1. Nf3 d5 2. g3 c6 3. Bg2 Bg4 4. O-O Nd7 5. d3 Ngf6 6. Nbd2 e5 7. e4 dxe4 8. dxe4 Bc5 9. h3 Bh5 10. Qe1 O-O 11. Nh4 {A07: Réti Opening: New York and Capablanca Systems.} Re8 12. Nc4 {[%cal Bd2c4,Bc4e3,Be3f5][%mdl 32]} b5 13. Ne3 {[#]} Bf8 $146 ({Predecessor:} 13... Nb6 14. Nef5 Nfd7 15. b3 a5 16. Be3 Bb4 17. Bd2 Bxd2 18. Qxd2 Nf8 19. Qc3 Qc7 {1-0 (71) Benidze,D (2475)-Atakisi,U (2378) Izmir 2016}) 14. b3 Nc5 15. Nef5 Qc7 16. a4 {White took control after the opening.} 1/2-1/2

[Event "Offerspill Invitational 2020"]
[Site "Oslo"]
[Date "2020.06.12"]
[Round "3.6"]
[White "Djurhuus, Rune"]
[Black "Nordquelle, Daniel"]
[Result "1-0"]
[WhiteElo "2437"]
[BlackElo "2284"]
[Annotator "TA"]
[PlyCount "73"]
[EventDate "2020.06.10"]
[EventType "swiss"]
[EventCountry "NOR"]
[SourceTitle "playchess.com"]
[Source "ChessBase"]
[SourceQuality "1"]

{[%evp 16,73,10,-6,6,-17,5,0,0,-10,0,0,0,0,0,0,0,0,0,0,7,8,10,7,10,4,6,10,14,0,60,55,143,130,170,166,140,147,156,141,144,131,223,202,178,178,252,248,679,185,714,675,1595,1378,2387,1880,1880,1787,1539,732]} 1. c4 e6 2. g3 d5 3. Bg2 Nf6 4. Nf3 Nbd7 5. b3 b6 6. O-O Bb7 7. Bb2 Bd6 8. d4 O-O 9. Nbd2 Qe7 {D02: 1 d4 d5 2 Nf3 sidelines, including 2...Nf6 3 g3 and 2...Nf6 3 Bf4.} 10. Qc2 Rfd8 11. Ne5 c5 {The position is equal.} 12. e4 {[#]} (12. cxd5 {with more complications.} Nxd5 13. Nec4 Nb4 14. Qc3 Bxg2 15. Kxg2 Nf6 16. Nxd6 Qxd6 17. Nf3) 12... dxe4 $146 ({Predecessor:} 12... cxd4 13. Nxd7 Qxd7 14. exd5 exd5 15. Bxd4 dxc4 16. Bxb7 Qxb7 17. Nxc4 Be7 18. Rad1 Ne4 {0-1 (58) Vojinovic,L (1963)-Jovanovic,B (2155) Vrnjacka Banja 2012}) 13. Nxe4 cxd4 14. Nxd7 Rxd7 15. Nxf6+ Qxf6 16. Bxb7 Rxb7 17. Qe4 {[%mdl 64] Double Attack} Rab8 18. Bxd4 Qe7 19. Rfd1 Rd7 20. Rd3 Rbd8 21. Rad1 $40 {[%mdl 128] Black needs to defend precisely.} f6 22. Qc6 {aiming for Bc3.} Rc7 (22... Bb4 $11 23. Qe4 e5) 23. Qb5 Rcc8 (23... Ba3 $14) 24. Be3 $16 Kf8 25. a4 Qc7 26. b4 Be7 {With the idea ...Rxd3.} 27. Rxd8+ $1 Rxd8 28. Rxd8+ Qxd8 (28... Bxd8 $16 29. c5 g5) 29. a5 $18 Qd1+ 30. Kg2 Qb1 {[#]} (30... Qd6 {was necessary.} 31. h4 (31. axb6 axb6 32. Bxb6 Qxb4 $14) 31... Bd8) 31. Qc6 $1 ({Stronger than} 31. axb6 Qe4+ 32. Kg1 Qb1+ 33. Kg2 Qe4+ 34. Kh3 axb6 $11) 31... Qxb4 $2 {[#]} (31... bxa5 32. bxa5 a6) 32. a6 $2 (32. Bxb6 $1 {[%mdl 512]} Qd6 (32... axb6 33. a6) 33. Qc8+ Kf7 34. Bxa7) 32... Bd8 $2 (32... Qd6 33. Qc8+ Bd8) 33. c5 {Strongly threatening cxb6.White is clearly winning.} Qc4 34. Qa8 {[%mdl 64] Double Attack} bxc5 35. Qxd8+ Kf7 36. Qc7+ Kg6 37. Qc6 {Accuracy: White = 86%, Black = 50%.} (37. h4 $142) 1-0

[Event "Offerspill Invitational 2020"]
[Site "Oslo"]
[Date "2020.06.12"]
[Round "3.7"]
[White "Sjoberg, Isak"]
[Black "Storme, Isak"]
[Result "0-1"]
[WhiteElo "2189"]
[BlackElo "2379"]
[Annotator "TA"]
[PlyCount "50"]
[EventDate "2020.06.10"]
[EventType "swiss"]
[EventCountry "NOR"]
[SourceTitle "playchess.com"]
[Source "ChessBase"]
[SourceQuality "1"]

{[%evp 19,50,18,8,14,64,0,19,0,-14,-31,-12,-142,-148,-127,-133,-141,-147,-132,-164,-219,-203,-194,-208,-260,-270,-355,-354,-498,-490,-627,-626,-621,-604]} 1. e4 c5 2. Nf3 d6 3. d4 cxd4 4. Nxd4 Nf6 5. Nc3 a6 6. Be3 e5 7. Nb3 Be6 8. f3 h5 9. Qd2 Nbd7 10. O-O-O Rc8 11. Kb1 {B90: Sicilian Najdorf: Unusual White 6th moves, 6 Be3 Ng4 and 6 Be3 e5.} Qc7 12. g3 (12. Nd5 $14 Nxd5 13. exd5) 12... b5 13. Qf2 {The position is equal.} Be7 14. h3 Qb7 {[#]} 15. a3 $146 (15. Na5 $11 {keeps the balance.} Qc7 16. Nb3) ({Predecessor:} 15. Na5 Qc7 {½-½ (17) Sax,G (2570)-Leko,P (2635) Budapest 1997}) 15... Rxc3 $17 16. bxc3 d5 17. Bg2 dxe4 18. fxe4 O-O 19. Kb2 (19. g4 $142) 19... a5 {[%mdl 1024] Black has strong compensation.} 20. g4 ({Don't blunder} 20. Nxa5 $2 Qa6 $19) 20... Rc8 21. g5 Ne8 ({Don't do} 21... Nxe4 22. Qe1 $19) 22. Rhf1 Qc6 23. Rxd7 (23. Rd3 {keeps fighting.} Nd6 24. Ka1) 23... Qxd7 $19 {Black is clearly winning.} 24. Nc5 Bxc5 25. Bxc5 Qc7 {Accuracy: White = 36%, Black = 93%.} 0-1

[Event "Offerspill Invitational 2020"]
[Site "Oslo"]
[Date "2020.06.12"]
[Round "3.8"]
[White "Tryggestad, Andreas Garberg"]
[Black "Kvaloy, Aksel Bu"]
[Result "0-1"]
[WhiteElo "2363"]
[BlackElo "2164"]
[Annotator "TA"]
[PlyCount "78"]
[EventDate "2020.06.10"]
[EventType "swiss"]
[EventCountry "NOR"]
[SourceTitle "playchess.com"]
[Source "ChessBase"]
[SourceQuality "1"]

{[%evp 12,78,31,27,27,34,34,20,30,34,34,34,34,31,46,43,81,66,75,63,79,63,68,0,0,0,0,0,88,78,191,200,313,317,373,364,356,353,574,525,728,709,739,722,655,404,712,179,156,135,310,0,0,-393,-392,-352,-239,-231,-223,-29989,-29989,-29992,-29987,-29987,-29988,-29988,-29989,-29989,-29990]} 1. c4 e5 2. Nc3 Nf6 3. Nf3 Nc6 4. e3 Bb4 5. Qc2 O-O 6. Nd5 a5 7. a3 Bc5 {A28: English Opening: Four Knights Variation.} 8. Ng5 {Threatening mate with Nxf6+.} g6 9. Nxf6+ Qxf6 {The position is equal.} 10. Ne4 Qe7 11. b3 Ba7 12. Bb2 d6 13. h4 {[#]} h6 $146 ({Predecessor:} 13... Nd8 14. O-O-O c6 15. f4 d5 16. Ng3 Bc5 17. Bxe5 Bxa3+ 18. Kb1 a4 19. h5 axb3 20. Qxb3 {½-½ (31) Demuth,A (2548)-Sengupta,D (2594) Teplice 2017}) 14. Be2 f5 15. Nc3 Qf7 16. O-O-O Be6 17. Bd3 ({White should try} 17. Nb5 $14) 17... a4 $11 18. Nxa4 b5 19. cxb5 Na5 (19... Nd4 $1 $11 {remains equal.} 20. exd4 Bxb3) 20. b4 $16 Nb3+ (20... Nc4 $16) 21. Kb1 $18 e4 (21... h5 $142 22. Nc3 Rab8) 22. Be2 Bb6 {[#]} 23. Nc3 $1 (23. Nxb6 cxb6 24. Qc6 Rfd8 $16) 23... Rfc8 {[#]} 24. g4 $1 d5 $2 (24... Bd4 {keeps fighting.} 25. f3 (25. exd4 Nxd4 26. Qc1 Nb3 $11) 25... exf3) (24... fxg4 25. Nxe4) 25. h5 d4 26. hxg6 Qd7 {[#]} 27. Nxe4 $1 fxe4 28. Rxh6 Qd5 (28... c5 $142) 29. Qc6 $2 (29. Rh5 Na1 30. Bxa1 (30. Rxd5 Nxc2 31. Re5 {[%mdl 64] Double Attack} Bb3 $11) 30... Qb3+ 31. Qxb3 Bxb3 32. Rdh1) 29... Qxc6 30. bxc6 Rf8 $2 {[#]} (30... Kg7 $16 {was worth a try.} 31. Rdh1 Bg8) 31. Rdh1 $2 (31. g7 $1 $18 Rxf2 (31... Kxg7 32. Rxe6) 32. Rxe6) 31... Rxf2 $11 {...Kg7 is the strong threat.} 32. Bd1 $2 {[%mdl 8192]} (32. Rh8+ $11 {and White has nothing to worry.} Kg7 33. Rxa8 Rxe2 34. a4) 32... Nxd2+ $19 33. Ka1 {aiming for Rh8+.} Nc4 34. Bb3 {Strongly threatening Rh8+.} Kg7 35. exd4 $2 (35. Rh7+ $19 Kxg6 36. R7h6+ Kg5 37. R1h5+ Kxg4 38. Bd1+ Rf3 39. Rxe6 Kxh5 40. Rxe4) 35... Rxb2 {Black mates.} 36. Bxc4 Rxb4 37. Rh7+ {[#]} Kf6 $1 38. g5+ Kxg5 39. R7h5+ {[#]} Kf6 $1 {Never resign too early! Accuracy: White = 66%, Black = 47%.} 0-1

[Event "Offerspill Invitational 2020"]
[Site "Oslo"]
[Date "2020.06.12"]
[Round "3.9"]
[White "Vestby-Ellingsen, Mads"]
[Black "Pena Riasco, Alexander"]
[Result "1-0"]
[WhiteElo "2351"]
[BlackElo "2115"]
[Annotator "TA"]
[PlyCount "89"]
[EventDate "2020.06.10"]
[EventType "swiss"]
[EventCountry "NOR"]
[SourceTitle "playchess.com"]
[Source "ChessBase"]
[SourceQuality "1"]

{[%evp 17,89,24,62,45,68,51,64,66,85,84,102,100,102,91,126,131,132,113,123,104,204,248,283,287,275,283,301,299,377,328,244,236,243,234,515,515,511,516,486,478,488,501,593,606,606,606,606,606,583,581,567,561,560,554,673,672,607,546,840,840,833,833,833,831,1955,1955,1806,1822,1772,1691,29975,29974,12837,6341]} 1. e4 d5 2. exd5 Qxd5 3. Nc3 Qa5 4. d4 Nf6 5. Nf3 c6 6. Bc4 Bf5 7. Bd2 e6 8. Nd5 Qd8 9. Nxf6+ gxf6 10. O-O {B01: Scandinavian Defence.} Nd7 11. Nh4 {was the old line (11.Re1).} Bg6 12. c3 {White is slightly better.} Qc7 13. Re1 Bd6 14. g3 O-O-O 15. b4 {[%cal Bb2b4,Bb4b5][%mdl 32] [#]} e5 $146 ({Predecessor:} 15... f5 16. Qf3 Rdg8 17. Ng2 e5 18. b5 e4 19. Qe2 c5 20. Kh1 Nb6 21. Bf4 Rd8 22. dxc5 Qxc5 {1-0 (58) Stefansson,H (2523)-Gorovets,A (2517) chess.com INT 2018}) 16. Bf1 Kb8 17. Qb3 f5 18. a4 {[%cal Ba2a4,Ba4a5,Ba5a6][%mdl 32]} f6 (18... f4 $16) 19. b5 $18 c5 20. a5 Qc8 21. a6 b6 22. Qd5 {[#] Threatens to win with Bg2.} Nf8 23. dxe5 ({Resist} 23. Bg2 e4 $18) ({Not} 23. Nxg6 hxg6 24. Qf7 (24. Bg2 e4 $16) 24... Qd7 $14) 23... Bxe5 24. Qf3 Rxd2 25. Bg2 {Qa8+ is the strong threat.} Nd7 $2 {[#]} (25... Kc7) 26. Qa8+ Kc7 27. Qxa7+ Kd8 28. Rad1 Rxd1 29. Rxd1 Ke7 30. Bc6 {[%cal Rd1d7]} Rd8 31. Rxd7+ Rxd7 32. Qxd7+ Qxd7 33. Bxd7 {[%mdl 4096] Endgame KBB-KBN} Bb8 34. Bxf5 Bf7 35. Be4 Be8 36. Nf5+ Kd8 37. Nd6 Bd7 {and the idea ...Kc7 leaves Black hopeful.} 38. Bf5 Kc7 39. Bxd7 Kxd6 {KB-KB} 40. Be8 Kd5 41. Bf7+ Ke4 42. c4 h6 43. Kg2 f5 44. f4 Ke3 45. Kh3 {Black got outplayed after the opening. Accuracy: White = 100%, Black = 50%.} 1-0

[Event "Offerspill Invitational 2020"]
[Site "Oslo"]
[Date "2020.06.12"]
[Round "3.10"]
[White "Aarnes, Eirik"]
[Black "Pantzar, Milton"]
[Result "0-1"]
[WhiteElo "1902"]
[BlackElo "2417"]
[Annotator "TA"]
[PlyCount "82"]
[EventDate "2020.06.10"]
[EventType "swiss"]
[EventCountry "NOR"]
[SourceTitle "playchess.com"]
[Source "ChessBase"]
[SourceQuality "1"]

{[%evp 17,82,16,30,13,0,0,0,0,0,0,0,0,0,2,0,0,0,-11,14,15,8,8,20,19,18,6,8,14,4,18,33,-77,-76,-76,-76,-80,-71,-85,-85,-98,-82,-92,-96,-151,-156,-159,-135,-137,-122,-135,-125,-111,-122,-224,-210,-233,-233,-226,-226,-1196,-252,-5214,-247,-6223,-6179,-5289,-2238]} 1. e4 e5 2. Nf3 Nc6 3. Bb5 a6 4. Bxc6 dxc6 5. O-O Bd6 6. d4 exd4 7. Qxd4 f6 8. Be3 Ne7 9. Nbd2 Be6 10. Qc3 {C68: Ruy Lopez: Exchange Variation, sidelines.} Qd7 11. Nd4 Bf7 12. Nc4 {The position is equal.} c5 {And now ...Bxc4 would win.} 13. Nxd6+ cxd6 14. Ne2 {[#]} O-O $146 ({Predecessor:} 14... Qc6 15. Rad1 O-O 16. Ng3 Rac8 17. Rfe1 d5 18. exd5 Nxd5 19. Qd2 Rfe8 20. f3 Qb6 {1-0 (49) Himanshu,S (2420)-Rajesh,V (2309) Dieren 2018}) 15. Nf4 b6 16. Rfd1 Rad8 17. Qd3 Qb7 18. c4 b5 19. b3 {[%cal Bb2b3,Bb3c4,Bc4d5][%mdl 32]} bxc4 20. bxc4 Qb4 21. Nd5 Nxd5 22. cxd5 Bg6 23. f3 f5 24. Rab1 (24. exf5 $1 $14 {stays ahead.} Rxf5 25. Qxa6) 24... fxe4 {Black converts the advantage convincingly.} 25. Qxa6 Qc3 26. Rb3 Qf6 27. f4 Bh5 28. Rdb1 Ra8 29. Qc4 Rxa2 {White must now prevent ...Bf3!} 30. Rb7 (30. Rb8 $142 Ra8 31. Rxf8+ Qxf8 32. h3) 30... Re2 $17 31. Qxe4 Bg6 32. Qf3 Rxe3 $40 {[%mdl 128] Black goes for the king.} 33. Qxe3 {Threatens to win with R1b6.} Bxb1 34. Rxb1 Qxf4 {[%mdl 4096] Endgame KQR-KQR} 35. Qe6+ (35. Qxf4 $17 Rxf4 36. Rb6) 35... Kh8 $19 36. h3 h6 37. Rb7 {[#]} Kh7 $1 38. Rd7 $2 (38. Qe1) 38... Rf6 $2 (38... Ra8 {( -> ...Ra1+)} 39. Qe1 Qd4+ {[%mdl 64] Double Attack} 40. Kh2 Ra1 41. Rxg7+ Qxg7 42. Qe4+ Kh8 43. Qe8+ Qg8) 39. Qe7 $2 (39. Qe2) 39... Rg6 $2 (39... Qd4+ 40. Kh2 Rf1 41. Qxd6 Rb1 42. Rxg7+ Qxg7) 40. Qe8 $2 (40. Qe2) 40... Qc1+ 41. Kh2 {[#]} Qc2 $1 {Accuracy: White = 56%, Black = 80%.} 0-1